000 00618nam a2200217 a 4500
003 PILC
005 20160222152200.0
008 111011s19uu xx 00 eng d
020 _a9780750689472
050 _aG 155.A1
_b.B553 2012
100 _aBoniface, Brian.
245 _aWorldwide destinations :
_bthe geography of travel and tourism /
_cBrian Boniface and Chris Cooper.
250 _a5th edition.
260 _aAmsterdam :
_bElsevier,
_c2009.
300 _a644 pages ;
_c25 cm.
650 _aTourist trade.
650 _aTravel.
700 _aCooper, Chris.
942 _cBK
_2lcc
_kFOR
999 _c24927
_d24927